| 000 | 01463nam a2200457 i 4500 | ||
|---|---|---|---|
| 001 | 3338 | ||
| 003 | KOSZ 005 | ||
| 005 | 20211004135500.0 | ||
| 008 | 981023s1987 pl a |000 0 pol | ||
| 015 | _aUWD 1987/10332 | ||
| 020 | _a8370000541 | ||
| 035 | _a991007418589705066 | ||
| 035 | _a(PL-WaBN)b11925139-48omnis_nlop | ||
| 035 | _ab11925139 | ||
| 035 | _a(OCoLC)749774238 | ||
| 035 | _a(PL)b0000001192513 | ||
| 035 | _a(EXLNZ-48OMNIS_NETWORK)9910340068205606 | ||
| 040 |
_aWA N _cWA N _dKR U _dKOSZ 005/HR |
||
| 041 | 0 | _apol | |
| 046 | _k1987 | ||
| 080 | _a77 | ||
| 080 | _a(07) | ||
| 100 | 1 |
_aGuethner, Tadeusz _eAutor |
|
| 245 | 1 | 0 |
_aPodstawy fotografii : _bpodręcznik dla geodetów i specjalności pokrewnych / _cTadeusz Guethner. |
| 250 | _aWyd. 3. | ||
| 260 |
_aWarszawa : _bPańst. Przedsiębiorstwo Wydawnictw Kartograficznych, _c1987. |
||
| 300 |
_a188, [2] s. : _bfot., rys., wykr. ; _c24 cm. |
||
| 336 |
_aTekst _btxt _2rdacontent |
||
| 337 |
_aBez urządzenia pośredniczącego _bn _2rdamedia |
||
| 338 |
_aWolumin _bnc _2rdacarrier |
||
| 380 | _aKsiążki | ||
| 388 | _a1901-2000 | ||
| 388 | _a1945-1989 | ||
| 504 | _aBibliogr. s. [190]. | ||
| 650 | 7 | _aTechniki fotograficzne | |
| 655 | 7 |
_aPodręcznik _2DBN |
|
| 658 | _aInżynieria i technika | ||
| 856 |
_uhttp://koha.tu.koszalin.pl/cgi-bin/koha/opac-detail.pl?biblionumber=3338 _yKatalog online BPK |
||
| 942 |
_2UKD _cKS |
||
| 999 |
_c3338 _d3338 |
||